000 01073cam a22003137a 4500
003 CHAP
005 20220329142231.0
008 000313d1990 eu r 00010 eng d
010 _a80292
011 _a81264
035 _a91731
040 _cCHAP
090 _aFolleto 15569
100 0 0 _aLarson, Donald W.
_964981
245 0 _aSoybean movements in the United States :
_binterregional flow patterns and transportation requirements in 1985
_c/by Donald W. Larson, Thomas R. Smith and E. Dean Baldwin
260 _aUrbana Champaings, Illinois :
_bIllinois Agricultural Experiment Station,
_c1990.
300 _a45 p.
590 _aBATCH-UPD
_b10
_c20130110
_lUCH01
_h0347
590 _aBATCH-UPD
_b10
_c20130110
_lUCH01
_h2135
590 _aCONVERSION
_b10
_c20130109
_lUCH01
_h1345
650 1 4 _aSoya
_xE.U.A.
_9109038
650 1 4 _aSoya
_xRendimiento.
_9109084
700 0 _aBaldwin, E. Dean.
_99675
700 0 _aSmith, Thomas R.
_9107143
901 _aBK
905 _aLilia Sánchez G.
942 _cFOLL
949 _aFolleto 15569
_bBC
_cFOLL
_d917311
_eTS1
_i91731
_sb
999 _c80292
_d80292